Cardenal Richelieu / (Record no. 42565)

MARC details
000 -LEADER
campo de control de longitud fija 00813nam a2200265 i 4500
001 - NÚMERO DE CONTROL
campo de control 42565
003 - IDENTIFICADOR DE NÚMERO DE CONTROL
campo de control ES-MaACL
005 - FECHA Y HORA DE LA ÚLTIMA TRANSACCIÓN
campo de control 20250808070307.0
007 - CAMPO FIJO DE DESCRIPCIÓN FÍSICA--INFORMACIÓN GENERAL
campo de control de longitud fija t|
008 - DATOS DE LONGITUD FIJA--INFORMACIÓN GENERAL
campo de control de longitud fija 030407s2002 sp b |||| |bspa d
020 ## - NÚMERO INTERNACIONAL ESTÁNDAR DEL LIBRO
Número Internacional Estándar del Libro 84-344-6658-9
080 ## - NÚMERO DE LA CLASIFICACIÓN DECIMAL UNIVERSAL
Número de la Clasificación Decimal Universal 929 Richelieu, Armand Jean Du Plessis, duc de
080 ## - NÚMERO DE LA CLASIFICACIÓN DECIMAL UNIVERSAL
Número de la Clasificación Decimal Universal 94(44)"1610/43"
100 1# - ENTRADA PRINCIPAL--NOMBRE DE PERSONA
Nombre de persona Levi, Anthony.
9 (RLIN) 71945
245 10 - MENCIÓN DEL TÍTULO
Título Cardenal Richelieu /
Mención de responsabilidad, etc. Anthony Levi.
250 ## - MENCION DE EDICION
Mención de edición 1ª ed.
260 ## - PUBLICACIÓN, DISTRIBUCIÓN, ETC.
Lugar de publicación, distribución, etc. Barcelona :
Nombre del editor, distribuidor, etc. Ariel,
Fecha de publicación, distribución, etc. 2002.
300 ## - DESCRIPCIÓN FÍSICA
Extensión 333 p. :
Otras características físicas mapas ;
Dimensiones 23 cm.
490 1# - MENCIÓN DE SERIE
Mención de serie Biografías Ariel
600 14 - PUNTO DE ACCESO ADICIONAL DE MATERIA--NOMBRE DE PERSONA
Nombre de persona Richelieu, Armand Jean du Plessis,
Títulos y otros términos asociados al nombre duc de,
Fechas asociadas al nombre 1585-1642
9 (RLIN) 96947
651 #4 - PUNTO DE ACCESO ADICIONAL DE MATERIA--NOMBRE GEOGRÁFICO
Nombre geográfico Francia-
Subdivisión general Historia-
Subdivisión cronológica 1610-1643, Luis XIII.
9 (RLIN) 161635
830 0# - PUNTO DE ACCESO ADICIONAL DE SERIE-TÍTULO UNIFORME
Título uniforme Biografías Ariel
9 (RLIN) 180667
852 ## - LOCALIZACIÓN
Ubicación ES-MaACL
Número de control de estantería L-26141
Holdings
Estatus retirado Estado de pérdida Estado de daño No para préstamo Biblioteca de origen Biblioteca actual Ubicación en estantería Fecha de adquisición Fuente de adquisición Total de préstamos Signatura topográfica completa Código de barras Visto por última vez Precio de reemplazo Tipo de ítem Koha
        Biblioteca del Ateneo de Madrid Biblioteca del Ateneo de Madrid Depósito 2 17/01/2008     L-26141 1044808 23/02/2023 23/02/2023 Libro impreso